[Event "EUR-chT Seniors 65"]
[Site "Mali Losinj"]
[Date "2019.09.20"]
[Round "3.4"]
[White "Nielsen, Preben Lovgren"]
[Black "Bernhardsson, Sten Hilding G"]
[Result "1/2-1/2"]
[WhiteElo "2007"]
[BlackElo "1956"]
[PlyCount "62"]
[EventDate "2019.09.18"]
[EventType "team-swiss"]
[EventRounds "9"]
[EventCountry "CRO"]
[SourceTitle "EXT 2020"]
[Source "ChessBase"]
[SourceDate "2019.10.17"]
[SourceVersion "1"]
[SourceVersionDate "2019.10.17"]
[SourceQuality "1"]
[WhiteTeam "Roskilde Skive 65"]
[BlackTeam "Sweden 65 II"]
[WhiteTeamCountry "DEN"]
[BlackTeamCountry "SWE"]

1. e4 c5 2. Nf3 e6 3. d4 cxd4 4. Nxd4 Nc6 5. Nc3 a6 6. Be2 Nf6 7. 0-0 Be7 8. Be3 0-0 9. a4 d5 10. exd5 Nxd5 11. Nxd5 exd5 12. Qd2 Bf6 13. Rad1 Ne5 14. b3 Ng4 15. Bf4 Re8 16. Rfe1 Bh4 17. Bg3 Bxg3 18. hxg3 Qf6 19. Qf4 Qxf4 20. gxf4 Bd7 21. Bf3 Nf6 22. Re5 Kf8 23. Rde1 Rac8 24. Kf1 Bc6 25. Rxe8+ Rxe8 26. Rxe8+ Kxe8 27. Ke2 g6 28. Kd3 Ke7 29. Nxc6+ bxc6 30. Kd4 Kd6 31. b4 Ne8 1/2-1/2